Central Library OPAC University of Rajshahi

Anatomy of the monocotyledons. (Record no. 20621)

MARC details
000 -LEADER
fixed length control field 00874nam a2200265 a 4500
001 - CONTROL NUMBER
control field 20621
003 - CONTROL NUMBER IDENTIFIER
rucl marc code BD-RjUL
005 - DATE AND TIME OF LATEST TRANSACTION
control field 20211209000605.0
008 - FIXED-LENGTH DATA ELEMENTS--GENERAL INFORMATION
fixed length control field 140301s1969 enka b 001 0 eng d
020 ## - INTERNATIONAL STANDARD BOOK NUMBER
International Standard Book Number 0198543654
035 ## - SYSTEM CONTROL NUMBER
System control number (BD-RjUL)20683
040 ## - CATALOGING SOURCE
Original cataloging agency BD-RjUL
Language of cataloging eng
Transcribing agency BD-RjUL
Modifying agency BD-RjUL
041 ## - LANGUAGE CODE
Language code of text/sound track or separate title eng
082 ## - DEWEY DECIMAL CLASSIFICATION NUMBER
Classification number 584.044
Edition number 18
Classification number 584.044
Edition number 18
Author mark and year TOA
100 1# - MAIN ENTRY--PERSONAL NAME
Personal name Tomlinson, P. B.
Fuller form of name (Philip Barry),
Dates associated with a name 1932-
9 (RLIN) 63626
245 10 - TITLE STATEMENT
Title Anatomy of the monocotyledons.
Number of part/section of a work 3
Name of part/section of a work Commelinales-Zingiberales. /
Statement of responsibility, etc. edited by C. R. Metcalfe ; by P. B. Tomlinson.
260 ## - PUBLICATION, DISTRIBUTION, ETC. (IMPRINT)
Place of publication, distribution, etc. Oxford :
Name of publisher, distributor, etc. Clarendon Press,
Date of publication, distribution, etc. 1969.
300 ## - PHYSICAL DESCRIPTION
Pagination xx, 446 p :
Illustrations ill ;
Size 25 cm.
504 ## - BIBLIOGRAPHY, ETC. NOTE
Bibliography, etc Includes bibliography and indexes.
650 #0 - SUBJECT ADDED ENTRY--TOPICAL TERM
Topical term or geographic name as entry element Monocotyledons
General subdivision Anatomy.
9 (RLIN) 63627
700 1# - ADDED ENTRY--PERSONAL NAME
Personal name Metcalfe, C. R.
Fuller form of name (Charles Russell)
942 ## - ADDED ENTRY ELEMENTS (KOHA)
Source of classification or shelving scheme Dewey Decimal Classification
Koha item type Books
Holdings
Lost status Source of classification or shelving scheme Damaged status Not for loan Collection code Permanent Location Current Location Shelving location Date acquired Source of acquisition Cost, normal purchase price Total Checkouts Full call number Date last seen Copy number Koha item type
  Dewey Decimal Classification   Added to bundle Non-fiction Central Library, University of Rajshahi Central Library, University of Rajshahi Reading Room   1975-11-26 8.00   584.044 TOA V-3 1969 01/03/2014 C-1 Books